Szczegóły MARC21

Encyklopedyczny przewodnik po świecie idei : od absolutu do żeromszczyzny /

003 -Nazwa inst., której nr kontr. jest w polu 001 [,]
    • @
    • Nazwa instytucji, której n kontrolny jest w polu 001
    • NUKAT
005 -DATA I CZAS OSTATNIEJ MODYFIKACJI [,]
    • @
    • pole kontrolne
    • 20250728171007.0
020 -Międzynarod. znormalizowany nr książki - ISBN [ , ]
    • a
    • Numer ISBN
    • 8386385863 Find
040 -Instytucja sporządzająca opis [ , ]
    • a
    • Instytucja, która sporządziła opis (NP)
    • TOR U/AP
    • c
    • Instytucja, która sporządziła rekord (NP)
    • TOR U/AP
    • d
    • Instytucja, która zmodyfikowała rekord (P)
    • TOR U/AP
    • d
    • Instytucja, która zmodyfikowała rekord (P)
    • WR O/AKs
    • d
    • Instytucja, która zmodyfikowała rekord (P)
    • WA LAZ/AZ
942 -Rodzaj dokumentu [ , ]
    • c
    • Rodzaj dokumentu
    • Książka
100 -Hasło główne - nazwa osobowa [1, ]
    • a
    • Nazwa osobowa (NP)
    • Bednarek, Stefan
    • d
    • Daty biograficzne (NP)
    • (1944-2022).
    • 9
    • KHW
    • 37357
245 -Strefa tytułu i oznaczenia odpowiedzialności [1,0]
    • a
    • Tytuł
    • Encyklopedyczny przewodnik po świecie idei : Find
    • b
    • Ciąg dalszy tytułu (NP)
    • od absolutu do żeromszczyzny / Find
    • c
    • Pozostałe elementy strefy tytułu i oznaczenia odpowiedzialności (NP)
    • oprac. Stefan Bednarek, Jerzy Jastrzębski.
246 -Wariant tytułu [3,0]
    • a
    • Tytuł (NP)
    • Od Absolutu do Żeromszczyzny
260 -Strefa adresu wydawniczego [ , ]
    • a
    • Miejsce wydania (P)
    • Wrocław :
    • b
    • Nazwa wydawcy (P)
    • Astrum,
    • c
    • Data wydania (P)
    • 1996.
300 -Strefa opisu fizycznego [ , ]
    • a
    • Określenie formy książki i/lub objętość (NP)
    • 270, [2] s. ;
    • c
    • Format (NP)
    • 25 cm.
336 -Typ zawartości [ , ]
    • a
    • Termin opisujący typ zawartości
    • Tekst
    • b
    • Kod określający zawartość
    • txt
    • 2
    • Źródło (terminu i kodu)
    • rdacontent
337 -Typ mediów [ , ]
    • a
    • Tryb odtwarzania
    • Bez urządzenia pośredniczącego
    • b
    • Kod typu mediów
    • n
    • 2
    • Źródło (terminu i kodu)
    • rdamedia
338 -Typ/rodzaj nośnika [ , ]
    • a
    • Hasło opisujące typ nośnika
    • Wolumin
    • b
    • Kod typu nośnika
    • nc
    • 2
    • Źródło (terminu i kodu)
    • rdacarrier
504 -Uwaga dot. bibliogr. załącznikowej [ , ]
    • a
    • Uwaga dot. bibliografii załącznikowej
    • Bibliogr. s. 247-255.
504 -Uwaga dot. bibliogr. załącznikowej [ , ]
    • a
    • Uwaga dot. bibliografii załącznikowej
    • Indeks.
080 -Uniwersalna Klasyfikacja Dziesiętna [ , ]
    • a
    • Symbol klasyfikacji
    • 0/9(03)
    • 2
    • Identyfikator wydania tablic
    • UDC-P058
    • 9
    • UKD
    • 1871
    • b
    • Dopowiedzenie
    • Encyklopedie. Leksykony. Wydawnictwa informacyjne o zakresie ogólnym lub obejmujące kilka dziedzin.
650 -Hasło przedmiotowe [ ,7]
    • a
    • Hasło przedmiotowe
    • Idea (filozofia)
    • v
    • Określnik formalny
    • słowniki.
    • 2
    • Źródło terminu
    • kaba
    • 9
    • KHW
    • 363849
650 -Hasło przedmiotowe [ ,7]
    • a
    • Hasło przedmiotowe
    • Kultura
    • v
    • Określnik formalny
    • słowniki.
    • 2
    • Źródło terminu
    • kaba
    • 9
    • KHW
    • 363850
980 -Symbol UKD [ , ]
    • a
    • UKD
    • 0/9(03)
700 -Hasło dodatkowe - nazwa osobowa [1, ]
    • a
    • Nazwa osobowa (NP)
    • Jastrzębski, Jerzy Find
    • d
    • Daty biograficzne (NP)
    • (1945-2025).
    • 9
    • KHW
    • 37358
710 -Hasło dodatkowe - nazwa ciała zbiorowego [2, ]
    • a
    • Nazwa ciała zbiorowego lub nazwa geograficzna jako pierwszy element (NP)
    • Wydawnictwo Astrum.
    • 4
    • Kod relacji
    • pbl
    • 9
    • KHW
    • 70693
920 -ISBN [ , ]
    • a
    • ISBN
    • 83-86385-86-3 Find
Sygnatura Uwagi nie widoczne w OPAC Data inwentaryzacji Lokalizacja Numer inwentarzowy Status udost.
Z.89911[n]retrokonwersja1997-07-18BGZ.899111
 [n]retrokonwersja1997-11-06BGZ.905601
POL. Kultura - słowniki 24[n]retrokonwersja1997-07-18BMP.136451
 [n]retrokonwersja1997-07-07BNSF.272691